|
|
|
|
| LEADER |
01363nam a2200253 a 4500 |
| 003 |
GR-PaULI |
| 005 |
20210514135009.0 |
| 008 |
740520s1968 maua 001 0 eng d |
| 952 |
|
|
|0 0
|1 0
|2 ddc
|4 0
|6 582_130000000000000_97_PET
|7 0
|9 229728
|a LISA
|b LISA
|c BSC
|d 2019-02-04
|i 14486
|l 0
|o 582.130 97 PET
|p 027000001790
|r 2019-02-04 00:00:00
|t 1
|w 2019-02-04
|y BK15
|
| 999 |
|
|
|c 139505
|d 139505
|
| 020 |
|
|
|a 0395183251 (pbk.)
|
| 040 |
|
|
|a GR-PaULI
|d GR-AiPI
|b gre
|c GR-PaULI
|e AACR2
|
| 082 |
0 |
4 |
|a 582.130 97
|2 23
|
| 100 |
1 |
|
|a Peterson, Roger Tory,
|d 1908-1996
|e συγγραφέας.
|9 37177
|
| 245 |
1 |
2 |
|a A field guide to wildflowers of Northeastern and North-Central North America :
|c a visual approach arranged by color, form, and detail, by Roger Tory Peterson and Margaret McKenny. Illusustration by Roger Tory Peterson.
|
| 260 |
|
|
|a Boston :
|b Houghton Mifflin,
|c 1968.
|
| 300 |
|
|
|a xxviii, 420 σ. :
|b εικ. (μερ. έγχρ.) :
|c 20 εκ.
|
| 490 |
1 |
|
|a The Peterson field guide series ;
|v 17
|
| 500 |
|
|
|a Περιλαμβάνει ευρετήριο.
|
| 650 |
|
4 |
|a Αγριολούλουδα
|z Ηνωμένες Πολιτείες Αμερικής
|v Εικονογραφημένα έργα
|9 173771
|
| 700 |
1 |
|
|a McKenny, Margaret,
|e συγγραφέας.
|9 173772
|
| 830 |
|
0 |
|9 173773
|a The Peterson field guide series
|v 17
|
| 942 |
|
|
|2 ddc
|c BK15
|
| 998 |
|
|
|c ΜΙΧΟΣΤΑΥΡΟΥ
|d 2019-02
|